Normal view MARC view

Entry Topical Term

Number of records used in: 1

001 - CONTROL NUMBER

  • control field: 246214

003 - CONTROL NUMBER IDENTIFIER

  • control field: OSt

005 - DATE AND TIME OF LATEST TRANSACTION

  • control field: 20251118142445.0

008 - FIXED-LENGTH DATA ELEMENTS

  • fixed length control field: 251118|| aca||aabn | a|a d

040 ## - CATALOGING SOURCE

  • Original cataloging agency: OSt
  • Transcribing agency: OSt

150 ## - HEADING--TOPICAL TERM

  • Topical term or geographic name entry element: Kannada translation of J Middleton Murry's "The Problem of style"

670 ## - SOURCE DATA FOUND

  • Source citation: Work cat.: (OSt)140599: MURRy (J Middleton) ಮರ್ರಿ (ಜೆ ಮಿಡ್ ಲ್ಟನ್ ) 246213, Shaili , 1999